Science fiction argosy (Record no. 24816)

MARC details
000 -LEADER
fixed length control field 00268nam a2200109Ia 4500
082 ## - DEWEY DECIMAL CLASSIFICATION NUMBER
Classification number 82-3
Item number KNI
245 #0 - TITLE STATEMENT
Title Science fiction argosy
260 ## - PUBLICATION, DISTRIBUTION, ETC. (IMPRINT)
Place of publication London
Name of publisher Victor gollancz
Year of publication 1973
700 ## - ADDED ENTRY--PERSONAL NAME
Personal name Knight, Damon
942 ## - ADDED ENTRY ELEMENTS (KOHA)
Koha item type Books
Holdings
Withdrawn status Lost status Damaged status Not for loan Home library Current library Date acquired Full call number Accession Number Koha item type
        RRII Library RRII Library 16/12/2021 82-3 KNI 05486 Books